Catalog

Record Details

Catalog Search



Judenmörder Eichmann : kein Fall der Vergangenheit / Heinz Kühnrich

Kühnrich, Heinz (Author).

Record details

  • Physical Description: 154 s., [4] s. obr. příl.
  • Edition: 1. Aufl.
  • Publisher: Berlin : Dietz, 1961

Available copies

  • 1 of 1 copy available at Common Catalog SPOK.

Holds

  • 0 current holds with 1 total copy.
Show Only Available Copies
Location Call Number / Copy Notes Barcode Shelving Location Status Due Date
Terezin Initiative Institute 5801 4594305801 Knihovna ITI Available -

LDR 00701nam a22002177a 4500
00127924
003CZ-PrJAB
00520221128183627.0
008090901s1961 gw gr |||| 0 ger d
035 . ‡a(CONS)2746
035 . ‡a(CZ PrSKC)zmp000045649
040 . ‡aABE323 ‡bcze ‡eAACR2 ‡91
1001 . ‡aKühnrich, Heinz ‡4aut
24510. ‡aJudenmörder Eichmann : ‡bkein Fall der Vergangenheit / ‡cHeinz Kühnrich
250 . ‡a1. Aufl.
260 . ‡aBerlin : ‡bDietz, ‡c1961
300 . ‡a154 s., [4] s. obr. příl.
4901 . ‡aWahrheiten über den deutschen Imperialismus ; ‡v4
830 0. ‡aWahrheiten über den deutschen Imperialismus
8524 . ‡bJACH-ITI ‡bJACH-ITI ‡cKnihovna ITI ‡j5801 ‡p5801 ‡y$0.00
910 . ‡aABE340 ‡b5801
995 . ‡askok
901 . ‡a27924 ‡bSystem ‡c27924 ‡tbiblio

Additional Resources